00640 2200229 4500001002100000005001500021035002000036245009000056100002600146250001700172300002600189856003600215700001200251260003900263082000800302084001400310020002200324990001600346990001600362990001600378990001600394INLIS00000000000035020200219015316 a0010-02200000951 aPembelajaran matematika dasar bagi anak berkesulitan belajar /cJ. Tombokan Runtukahu0 aJ. Tombokan Runtukahu aCetakan ke 3 a312 hlm ;c17 x 24 cm aPerpustakaan Umum Kota Makassar0 aRose KR aYogyakarta :bAR-RUZZ MEDIA,c2016 a510 a510 RUN p a978-602-7874-50-3 a00000000573 a00000000574 a00000000573 a00000000574